Ekonomika a informatika vedecký časopis FHI EU v Bratislave a SSHI

Gespeichert in:
Bibliographische Detailangaben
Format: Schriftenreihe
Sprache:Slowakisch
Veröffentlicht: Bratislava Fakulta hospodárskej informatiky 2011
Schlagworte:
Tags: Tag hinzufügen
Keine Tags, Fügen Sie das erste Tag hinzu!

MARC

LEADER 00000nas2a2200000 4500
001 0212047
005 20160204101306.8
022 |a 1336-3514 
041 0 |a slo 
044 |a SK 
245 1 0 |a Ekonomika a informatika  |b vedecký časopis FHI EU v Bratislave a SSHI 
264 1 |a Bratislava  |b Fakulta hospodárskej informatiky  |c 2011 
773 0 |w eu_un_cat*0002979 
610 2 0 |a metódy štatistické 
610 2 0 |a modely ekonomicko-matematické 
610 2 0 |a informatika ekonomická 
610 2 0 |a výskum operačný